Statistics for Perm International Airport Destinations (Perm, Russia)

Click here to take the quiz!

General Stats

  • This quiz has been taken 5 times
  • The average score is 17 of 29

Answer Stats

AirlineDestination% Correct
Azur Air/Nordwind Airlines/Red Wings Airlines/Ural AirlinesAntalya
100%
Azur Air/flydubaiDubai (International)
100%
S7 AirlinesMoscow (Domodedovo)
100%
Aeroflot/Nordwind Airlines/PobedaMoscow (Sheremetyevo)
100%
Pobeda/UtairMoscow (Vnukovo)
100%
Ural AirlinesMoscow (Zhukovsky)
100%
S7 AirlinesNovosibirsk
100%
Pobeda/RossiyaSaint Petersburg
100%
UVT AeroSamara
100%
Pobeda/RossiyaSochi
100%
UtairVolgograd
100%
Ural AirlinesBaku
75%
Nordwind Airlines/PobedaIstanbul
75%
Ural AirlinesMinsk
75%
UVT AeroKazan
50%
Red Wings AirlinesOmsk
50%
UVT AeroOrenburg
50%
UtairSurgut
50%
Ikar/Nordwind AirlinesYerevan
50%
UVT AeroBarnaul
25%
Ikar/Nordwind Airlines/UVT AeroKaliningrad
25%
Red Wings AirlinesMurmansk
25%
Azur Air/Nordwind AirlinesPhuket
25%
KomiaviatransSyktyvkar
25%
UVT AeroYaroslavl
25%
UtairKogalym
0%
UVT AeroNaryan-Mar
0%
UVT AeroNizhnevartovsk
0%
UVT AeroNovy Urengoy
0%

Score Distribution

Percentile by Number Answered

Percent of People with Each Score

Your Score History

You have not taken this quiz